Solaris for mamagers and administrators (Record no. 570099)
[ view plain ]
| 000 -LEADER | |
|---|---|
| fixed length control field | 00544nam a22001937a 4500 |
| 003 - CONTROL NUMBER IDENTIFIER | |
| control field | CEME |
| 005 - DATE AND TIME OF LATEST TRANSACTION | |
| control field | 20210628202527.0 |
| 008 - FIXED-LENGTH DATA ELEMENTS--GENERAL INFORMATION | |
| fixed length control field | 210209b xxu||||| |||| 00| 0 eng d |
| 020 ## - INTERNATIONAL STANDARD BOOK NUMBER | |
| International Standard Book Number | 0-7668-2137-4 |
| 040 ## - CATALOGING SOURCE | |
| Transcribing agency | . |
| 082 ## - DEWEY DECIMAL CLASSIFICATION NUMBER | |
| Classification number | 005.4469 FR |
| 100 ## - MAIN ENTRY--PERSONAL NAME | |
| Personal name | Parkinson, Kent Mckay, Dwight Freeland, Curt |
| 9 (RLIN) | 60355 |
| 245 ## - TITLE STATEMENT | |
| Title | Solaris for mamagers and administrators |
| 250 ## - EDITION STATEMENT | |
| Edition statement | 3RD |
| 260 ## - PUBLICATION, DISTRIBUTION, ETC. | |
| Place of publication, distribution, etc. | DENMARK |
| Name of publisher, distributor, etc. | ONWORD PRESS |
| Date of publication, distribution, etc. | 2001 |
| 300 ## - PHYSICAL DESCRIPTION | |
| Extent | XXIV,773P |
| 650 ## - SUBJECT ADDED ENTRY--TOPICAL TERM | |
| Topical term or geographic name entry element | SOLARIS-COMPUTER FILE; OPERATING SYSTEMS-COMPUTER |
| 9 (RLIN) | 60356 |
| 942 ## - ADDED ENTRY ELEMENTS (KOHA) | |
| Koha item type | Book |
| Source of classification or shelving scheme | |
| Withdrawn status | Lost status | Damaged status | Not for loan | Permanent Location | Current Location | Shelving location | Date acquired | Total Checkouts | Full call number | Barcode | Date last seen | Price effective from | Koha item type |
|---|---|---|---|---|---|---|---|---|---|---|---|---|---|
| College of Electrical & Mechanical Engineering (CEME) | College of Electrical & Mechanical Engineering (CEME) | General Stacks | 07/19/2017 | 005.4469 FR | CEME-36125 | 06/28/2021 | 06/28/2021 | Book |
